[Event "Munich-ch VM1"]
[Site "Munich"]
[Date "2003.02.16"]
[Round "9"]
[White "Pappenheim, Rainer"]
[Black "Rybak, Leonid"]
[Result "1/2-1/2"]
[WhiteElo "1996"]
[BlackElo "1998"]
[PlyCount "141"]
[EventDate "2003.01.17"]
[EventType "tourn"]
[EventRounds "9"]
[EventCountry "GER"]
[SourceTitle "EXT 2006"]
[Source "ChessBase"]
[SourceDate "2005.11.24"]
[SourceVersion "1"]
[SourceVersionDate "2005.11.24"]
[SourceQuality "1"]

1. e4 e5 2. Nf3 Nc6 3. Bb5 d6 4. c3 a6 5. Bxc6+ bxc6 6. 0-0 c5 7. d4 cxd4 8. cxd4 exd4 9. Qxd4 h6 10. Bf4 Ne7 11. Nc3 Nc6 12. Qc4 Bd7 13. Rad1 g5 14. Nd5 Bg7 15. Bg3 0-0 16. Rfe1 Re8 17. b4 Ra7 18. a4 Ne7 19. Nxe7+ Qxe7 20. e5 d5 21. Qxd5 Bxa4 22. Rc1 c6 23. Qd6 Rb7 24. Qxe7 Rexe7 25. Nd4 Rxb4 26. Nxc6 Bxc6 27. Rxc6 Ra7 28. f3 a5 29. Ra1 a4 30. Be1 Rb5 31. Bc3 a3 32. Ra2 Bxe5 33. Bxe5 Rxe5 34. Rc3 Rea5 35. Kf2 Kg7 36. Ke2 Kg6 37. Ke3 Kf5 38. Kf2 h5 39. Kf1 f6 40. Kf2 Ke5 41. Rd3 R7a6 42. Ke2 Kf5 43. Kf2 h4 44. Kf1 Ra8 45. h3 R8a6 46. Re3 Ra4 47. Kf2 Kf4 48. Rd3 Rb4 49. Rdd2 Rb3 50. Rd4+ Ke5 51. Rdd2 Rab6 52. Re2+ Kf5 53. Ra1 R6b4 54. Raa2 Rc3 55. Kf1 Kf4 56. Kf2 Rd3 57. Rac2 Rdb3 58. Ra2 Rb2 59. Rxa3 Rxe2+ 60. Kxe2 Rb2+ 61. Kf1 Kg3 62. f4+ Kxf4 63. Rf3+ Ke5 64. Ra3 Rd2 65. Ra4 f5 66. Kg1 Rd4 67. Ra5+ Kf4 68. Ra3 g4 69. hxg4 fxg4 70. Kh2 Rb4 71. Ra8 1/2-1/2